Issues in regional planning : (Kayıt no. 10234)

MARC ayrıntıları
000 -BAŞLIK
Sabit Uzunluktaki Kontrol Alanı 00772nam a22002177a 4500
003 - KONTROL NUMARASI KİMLİĞİ
Kontrol Alanı KOHA_MİRAKIL
005 - EN SON İŞLEM TARİHİ ve ZAMANI
Kontrol Alanı 20260414112505.0
008 - SABİT UZUNLUKTAKİ VERİ ÖGELERİ - GENEL BİLGİ
Sabit Alan 260414b tu ||||| |||| 00| 0 tur d
040 ## - KATALOGLAMA KAYNAĞI
Özgün Kataloglama Kurumu TR-AnABB
Kataloglama Dili tur
Çeviri Kurumu TR-AnABB
041 ## - DİL KODU
Metin ya da ses kaydının dil kodu tur
082 ## - DEWEY ONU SINIFLAMA SİSTEMİ
Sınıflama Numarası 338.9
Cutter numarası ISS 1971
245 00 - ESER ADI BİLDİRİMİ
Başlık Issues in regional planning :
Alt Eseradı vb. a seelction of seminar papers /
Sorumluluk Bildirimi edited by: David M. Dunham, Jos G. M. Hilhorst
260 ## - YAYIN, DAĞITIM, VB.
Yayın Yeri Paris :
Yayınevi Mouton,
Yayın Tarihi 1971
300 ## - FİZİKSEL TANIMLAMA
Sayfa, Cilt vb. 275 sayfa ;
Boyutları 18 cm
500 ## - GENEL NOT
Genel Not Kitab içerisinde Prof. Dr. Ruşen Keleş'in satır altı çizimleri ve vurgular mevcuttur.
650 04 - KONU BAŞLIĞI EK GİRİŞ - KONU TERİMİ
Konusal terim veya coğrafi ad Bölgesel planlama
650 04 - KONU BAŞLIĞI EK GİRİŞ - KONU TERİMİ
Konusal terim veya coğrafi ad Ekonomik politika
700 1# - EK GİRİŞ - KİŞİ ADI
Yazar Adı (Kişi adı) Dunham, David M.,
İlişkili Terim editör
9 (RLIN) 3431
700 1# - EK GİRİŞ - KİŞİ ADI
Yazar Adı (Kişi adı) Hilhorst, Jos G. M.,
İlişkili Terim editör
9 (RLIN) 3432
942 ## - EK GİRİŞ ÖGELERİ (KOHA)
Sınıflama Kaynağı Dewey Decimal Classification
Materyal Türü Kitap
900 ## - YEREL BİLGİ
Kontrol Can ÇELIK
Mevcut
Geri Çekilme Durumu Kayıp Durumu Sınıflandırma Kaynağı Kredi için değil Kalıcı Konum Mevcut Konum Kayıt Tarih Toplam Ödünçverme Yer Numarası Demirbaş Numarası Son Görülme Tarihi Fatura Tarihi Materyal Türü
    Dewey Decimal Classification   Prof. Dr. Ruşen Keleş Kütüphanesi Prof. Dr. Ruşen Keleş Kütüphanesi 14/04/2026   338.9 ISS 1971 RK7074 14/04/2026 14/04/2026 Kitap